|
|
|
|
| LEADER |
00000cam a2200000 i 4500 |
| 001 |
1/85335 |
| 008 |
971118r19931994gr | ||| |||| ||gre|| |
| 020 |
|
|
|a 9602100710
|q (τ.1)
|
| 035 |
|
|
|a 1997
|c Γραμματεία Μυτιλήνης
|l 10080252
|
| 040 |
|
|
|a GR-MyUA
|b gre
|e AACR2
|
| 041 |
0 |
|
|a gre
|
| 082 |
7 |
|
|a 301.072
|2 (22)
|
| 082 |
7 |
|
|a 306
|2 (22)
|
| 082 |
7 |
|
|a 301
|2 (22)
|
| 100 |
1 |
|
|a Κονιαβίτης, Θωμάς.
|
| 245 |
1 |
0 |
|a Πλουραλισμός στην κοινωνιολογία :
|b μεθοδολογική προσέγγιση /
|c Θωμάς Κονιαβίτης.
|
| 260 |
|
|
|a Αθήνα :
|b Οδυσσέας,
|c 1993, 1994.
|
| 300 |
|
|
|a τ. ;
|c 21 εκ.
|
| 500 |
|
|
|a Οι ανατυπώσεις της πρώτης έκδοσης 1993 αναφέρονται ως 2η και 3η έκδοση (1993,1994).
|
| 504 |
|
|
|a Περιέχει βιβλιογραφικές παραπομπές και ευρετήρια.
|
| 505 |
0 |
|
|a Τ. 1. Κοινωνιολογικός νεοθετικισμός Popper.
|
| 650 |
0 |
0 |
|a Sociology.
|
| 740 |
0 |
2 |
|a Κοινωνιολογικός νεοθετικισμός Popper
|
| 852 |
|
|
|a INST
|b CHIOS
|e 19960605
|h 301.072 ΚΟΝ
|p 005200003644
|q 005200003644
|t BK
|y 0
|z ???
|
| 852 |
|
|
|a INST
|b CHIOS
|e 19960605
|h 301.072 ΚΟΝ
|p 005200003644
|q 005200003644
|t BK
|v τ.1:
|y 0
|z ???
|
| 852 |
|
|
|a INST
|b LESVOS
|e 19950621
|h 301 ΚΟΝ
|p 005100006376
|q 005100006376
|t BK
|y 0
|z ???
|
| 852 |
|
|
|a INST
|b LESVOS
|e 19950621
|h 301 ΚΟΝ
|p 005100006377
|q 005100006377
|t BK
|y 0
|z ???
|
| 852 |
|
|
|a INST
|b LESVOS
|e 19950621
|h 301 ΚΟΝ
|p 005100006378
|q 005100006378
|t BK
|y 0
|z ???
|
| 852 |
|
|
|a INST
|b LESVOS
|e 19950621
|h 301 ΚΟΝ
|p 005100008637
|q 005100008637
|t BK
|y 0
|z ???
|
| 852 |
|
|
|a INST
|b LESVOS
|e 19950621
|h 301 ΚΟΝ
|p 005100008644
|q 005100008644
|t BK
|y 0
|z ???
|
| 852 |
|
|
|a INST
|b LESVOS
|e 19950621
|h 301 ΚΟΝ
|p 005100008645
|q 005100008645
|t BK
|y 0
|z ???
|
| 852 |
|
|
|a INST
|b LESVOS
|e 19950621
|h 301 ΚΟΝ
|p 005100008646
|q 005100008646
|t BK
|y 0
|z ???
|
| 852 |
|
|
|a INST
|b LESVOS
|e 20050914
|h 301 ΚΟΝ
|p 005100032931
|q 005100032931
|t BK
|y 0
|z ???
|
| 852 |
|
|
|a INST
|b LESVOS
|e 20120801
|h 301 ΚΟΝ
|p 005100052141
|q 005100052141
|t BK
|y 0
|z ???
|
| 852 |
|
|
|a INST
|b LESVOS
|e 19950621
|h 301 ΚΟΝ
|p 005100006376
|q 005100006376
|t BK
|v τ.1:
|y 0
|z ???
|
| 852 |
|
|
|a INST
|b LESVOS
|e 19950621
|h 301 ΚΟΝ
|p 005100006377
|q 005100006377
|t BK
|v τ.1:
|y 0
|z ???
|
| 852 |
|
|
|a INST
|b LESVOS
|e 19950621
|h 301 ΚΟΝ
|p 005100006378
|q 005100006378
|t BK
|v τ.1:
|y 0
|z ???
|
| 852 |
|
|
|a INST
|b LESVOS
|e 19950621
|h 301 ΚΟΝ
|p 005100008637
|q 005100008637
|t BK
|v τ.1:
|y 0
|z ???
|
| 852 |
|
|
|a INST
|b LESVOS
|e 19950621
|h 301 ΚΟΝ
|p 005100008644
|q 005100008644
|t BK
|v τ.1:
|y 0
|z ???
|
| 852 |
|
|
|a INST
|b LESVOS
|e 19950621
|h 301 ΚΟΝ
|p 005100008645
|q 005100008645
|t BK
|v τ.1:
|y 0
|z ???
|
| 852 |
|
|
|a INST
|b LESVOS
|e 19950621
|h 301 ΚΟΝ
|p 005100008646
|q 005100008646
|t BK
|v τ.1:
|y 0
|z ???
|
| 852 |
|
|
|a INST
|b LESVOS
|e 20050914
|h 301 ΚΟΝ
|p 005100032931
|q 005100032931
|t BK
|v τ.1:
|y 0
|z ???
|
| 852 |
|
|
|a INST
|b LESVOS
|e 20120801
|h 301 ΚΟΝ
|p 005100052141
|q 005100052141
|t BK
|v τ.1:
|y 0
|z ???
|
| 852 |
|
|
|a INST
|b RHODES
|e 20000210
|h 306 ΚΟΝ
|p 005400014004
|q 005400014004
|t BK
|y 0
|z τ.1
|
| 852 |
|
|
|a INST
|b RHODES
|e 20000210
|h 306 ΚΟΝ
|p 005400014004
|q 005400014004
|t BK
|v τ.1:
|y 0
|z τ.1
|
| 852 |
|
|
|a INST
|b SAMOS
|e 19971118
|h 301 ΚΟΝ
|p 005300008616
|q 005300008616
|t BK
|y 0
|z τ.1
|
| 852 |
|
|
|a INST
|b SAMOS
|e 19971118
|h 301 ΚΟΝ
|p 005300008616
|q 005300008616
|t BK
|v τ.1:
|y 0
|z τ.1
|
| 853 |
|
|
|a INST
|b CHIOS
|h 301.072 ΚΟΝ
|
| 853 |
|
|
|a INST
|b LESVOS
|h 301 ΚΟΝ
|
| 853 |
|
|
|a INST
|b RHODES
|h 306 ΚΟΝ
|
| 853 |
|
|
|a INST
|b SAMOS
|h 301 ΚΟΝ
|
| 901 |
|
|
|a BIBL1-2005-3
|
| 901 |
|
|
|a BIBL-1997-2
|
| 901 |
|
|
|a BIBL1-2012-2
|
| 901 |
|
|
|a BIBL4-2000-1
|
| 920 |
|
|
|a Διεύρυνση
|b ΕΠΕΑΕΚ-ΤΚ
|y Λέσβος
|z 2004-10
|
| 922 |
|
|
|a 4ΕΛΗ
|b 200002
|c Δωρεά
|
| 970 |
|
|
|a Κουλακιότη
|b Λίτσα
|z 2000/02/10
|